Multiculturalism (Record no. 9454)
[ view plain ]
| 000 -LEADER | |
|---|---|
| fixed length control field | 00424nam a22001577a 4500 |
| 005 - DATE AND TIME OF LATEST TRANSACTION | |
| control field | 20260422130201.0 |
| 008 - FIXED-LENGTH DATA ELEMENTS--GENERAL INFORMATION | |
| fixed length control field | 260422b |||||||| |||| 00| 0 eng d |
| 020 ## - INTERNATIONAL STANDARD BOOK NUMBER | |
| International Standard Book Number | 9780691037790 |
| 050 ## - LIBRARY OF CONGRESS CALL NUMBER | |
| Classification number | E184.A1M84 |
| 100 ## - MAIN ENTRY--PERSONAL NAME | |
| Personal name | Charles Taylor |
| 245 ## - TITLE STATEMENT | |
| Title | Multiculturalism |
| Statement of responsibility, etc. | by Charles Taylor |
| 260 ## - PUBLICATION, DISTRIBUTION, ETC. | |
| Place of publication, distribution, etc. | New jeerssey |
| Name of publisher, distributor, etc. | Princeton University press |
| Date of publication, distribution, etc. | c1994 |
| 300 ## - PHYSICAL DESCRIPTION | |
| Extent | xiii,175p |
| 500 ## - GENERAL NOTE | |
| General note | includes index |
| 942 ## - ADDED ENTRY ELEMENTS (KOHA) | |
| Source of classification or shelving scheme | Library of Congress Classification |
| Koha item type | Books |
| Suppress in OPAC | No |
| 999 ## - | |
| -- | 9454 |
| -- | 9454 |
| Withdrawn status | Lost status | Source of classification or shelving scheme | Damaged status | Not for loan | Collection | Home library | Current library | Shelving location | Date acquired | Total checkouts | Full call number | Barcode | Date last seen | Price effective from | Koha item type |
|---|---|---|---|---|---|---|---|---|---|---|---|---|---|---|---|
| Library of Congress Classification | Non-fiction | Main Library (Kumasi) | Main Library (Kumasi) | General stacks | 04/22/2026 | E184.A1M84 MUI | bssk00000147 | 04/22/2026 | 04/22/2026 | Books |